| 000 | 00000nas 2200000za 4500 |
| 001 | 9.860011 |
| 003 | CaOODSP |
| 005 | 20240228150754 |
| 007 | cr ||||||||||| |
| 008 | 180801d20182020qucar p o||||f0 b0fre|d |
| 022 | |a2561-9322 |
| 040 | |aCaOODSP|bfre |
| 043 | |an-cn--- |
| 086 | 1 |aEm1-14F-PDF |
| 222 | 0|aRapport annuel sur l’application de la Loi sur l’accès à l’information et de la Loi sur la protection des renseignements personnels |b(Canada. Emploi et développement social Canada) |
| 245 | 00|aRapport annuel sur l’application de la Loi sur l’accès à l’information et de la Loi sur la protection des renseignements personnels |h[ressource électronique]. |
| 260 | |a[Gatineau, Qué.]: |bEmploi et Développement social Canada |
| 310 | |aAnnuel |
| 362 | 1 |aParaît depuis 2017/2018; ne paraît plus après 2019/2020. |
| 500 | |aPubl. aussi en anglais sous le titre : Annual report on the administration of the Access to Information Act and the Privacy Act. |
| 500 | |aFusionné avec : Rapport annuel sur l'application de la Loi sur l'accès à l'information ... (Em1-5/1F-PDF); et Rapport annuel sur l'application de la Loi sur la protection des renseignements personnels (Em1-5/2F-PDF). |
| 692 | 07|2gccst|aAccès à l'information |
| 692 | 07|2gccst|aVie privée |
| 710 | 1 |aCanada. |bEmploi et développement social Canada. |
| 775 | 08|tAnnual report on the administration of the Access to Information Act and the Privacy Act |w(CaOODSP)9.860010 |
| 780 | 00|tRapport annuel sur l'application de la Loi sur la protection des renseignements personnels |w(CaOODSP)9.515942 |
| 780 | 00|tRapport annuel sur l'application de la Loi sur l'accès à l'information ... |w(CaOODSP)9.814463 |
| 785 | 00|tRapport annuel sur l'application de la Loi sur la protection des renseignements personnels.|w(CaOODSP)9.903679 |
| 785 | 00|tRapport annuel sur l'application de la Loi sur l'accès à l'information.|w(CaOODSP)9.903693 |